Statistics for Државе Арктичког поларног круга

Click here to take the quiz!

General Stats

  • This quiz has been taken 216 times
  • The average score is 5 of 7

Answers on the Map

Answers color-coded by a green-red scale on the quiz's map according to % correct below.
 

Answer Stats

Answer% Correct
Канада
73%
Норвешка
73%
Русија
71%
Данска
70%
Финска
69%
САД
63%
Шведска
63%

Score Distribution

Percentile by Number Answered

Percent of People with Each Score

Your Score History

You have not taken this quiz